000 00653nam a2200241 i 4500
001 C2-0100952
003 PPAK
005 20180727095439.0
008 970531s1983 enka|||| ||||| | eng d
020 _a0246120304
040 _aPPAK
_beng
_cPPAK
_erda
082 0 4 _a001.6404
_223
090 0 0 _a001.6404
_bSIN
_dG
100 1 _aSinclair, Ian,
_eauthor
245 1 0 _aCommodore 64 computing
264 1 _aLondon :
_bGranada ,
_c1983
300 _aviii, 133 pages :
_billustrations ;
_c20 cm
336 _2rdacontent
_atext
337 _2rdamedia
_aunmediated
338 _2rdacarrier
_avolume
650 1 0 _aCommodore 64 (Computer)
942 _ddc
_cB
999 _c23007
_d23007